Seminario II: Necesidades, focalizacion y aprendizaje en el Programa REMEDIAR (Registro nro. 1820)

Detalles MARC
000 -LEADER
fixed length control field 00858nam a2200265 a 4500
003 - CONTROL NUMBER IDENTIFIER
control field OSt
005 - FECHA ULTIMA MODIFICACION
control field 20131017194546.0
008 - FIXED-LENGTH DATA ELEMENTS--GENERAL INFORMATION
fixed length control field 131017s2005 ag ||||| |||| 00| 0 spa d
040 ## - CATALOGING SOURCE
Transcribing agency Biblioteca Medicina
041 ## - LANGUAGE CODE
Language code of text/sound track or separate title spa
082 ## - DEWEY DECIMAL CLASSIFICATION NUMBER
Item number CONGRESOS 041
100 1# - MAIN ENTRY--PERSONAL NAME
Personal name Maceira, Daniel
9 (RLIN) 2710
245 00 - TITLE STATEMENT
Title Seminario II: Necesidades, focalizacion y aprendizaje en el Programa REMEDIAR
250 ## - EDITION STATEMENT
Edition statement 1º ed.
260 ## - PUBLICATION, DISTRIBUTION, ETC. (IMPRINT)
Place of publication, distribution, etc Buenos Aires
Name of publisher, distributor, etc Centro de Estudios de Esatdo y Sociedad
Date of publication, distribution, etc 2005
300 ## - PHYSICAL DESCRIPTION
Extent 22 p.
440 #0 - SERIES STATEMENT/ADDED ENTRY--TITLE
Title Semianrios Salud y Politica Publica
9 (RLIN) 2740
653 ## - INDEX TERM--UNCONTROLLED
Uncontrolled term PROGRAMA REMEDIAR
653 ## - INDEX TERM--UNCONTROLLED
Uncontrolled term SALUD-PROGRAMAS
700 1# - ADDED ENTRY--PERSONAL NAME
Personal name Apella, Ignacio
9 (RLIN) 2741
700 1# - ADDED ENTRY--PERSONAL NAME
Personal name Barbieri, Eugenia
9 (RLIN) 2742
856 ## - ELECTRONIC LOCATION AND ACCESS
Host name www.cedes.org
942 ## - ADDED ENTRY ELEMENTS (KOHA)
Source of classification or shelving scheme Dewey Decimal Classification
Koha item type Hemeroteca
Existencias
Withdrawn status Lost status Fuente de clasificación Damaged status Not for loan Colección Ubicación permanente Ubicación actual Sala de ubicación Fecha de adquisición Total Checkouts Número de clasificación Date last seen Número de ejemplar Price effective from Koha tipo de elemento (item)
    Dewey Decimal Classification     Non-fiction Biblioteca Medicina Biblioteca Medicina Circulación 17/10/2013   CONGRESOS 041 06/11/2014 Ej. 1 17/10/2013 Hemeroteca

UNIVERSIDAD NACIONAL DEL COMAHUE
Biblioteca de la Facultad de Ciencias Médicas
Sede Toschi: Los Arrayanes y Av. Toschi, Cipolletti  - Rio Negro
Sede Los Tordos:  Yrigoyen al 2211, Cipolletti - Rio Negro 

Teléfono: 0299 - 4774707 int 25
Contacto: biblioteca@facimed.uncoma.edu.ar
© 2011 - 2026